000 01234nam a2200229Ia 4500
003 Ost
005 20260507075637.0
008 260507s9999||||xx |||||||||||||| ||und||
020 _a8431504977
040 _cfsecg
041 _aara
082 _a346.02
100 _aسلام، أحمد رشاد محمود
_eمؤلف
245 0 _aعقد الإنشاء والإدارة وتحويل الملكية في مجال العلاقات الدولية الخاصة :
_bدراسة تحليلية للعقد ومراحل تنفيذه /
_c أحمد رشاد محمود سلام
260 _aالقاهرة:
_bدرا النهضة العربية,
_c2004
300 _a630 صفحة؛
_bإيضاحات ؛
_c24 سم
520 _aماهية نظام الإنشاء والإدارة وتحويل الملكية- مراحل تنفيذ المشروع ومخاطره وكيفية توزيعها والطبيعة القانونية وقدرته على نقل التكنولوجيا- تسوية المنازعات في العقد بنظام BOT- القانون الواجب التطبيق على العقد بنظام bot
653 _aالإدارة
653 _aالعقود
653 _aالعلاقات الدولية
942 _cكتاب
999 _c45318
_d45318